Bezpečnosť kozmetických výrobkov
Požiadavky kladené na kozmetické výrobky a ich bezpečnosť. Kontrola dozoru a bezpečnosti KV na Slovensku. Systém RAPEX a zabezpečenie výmeny hlásení o výskyte nebezpečných KV medzi členskými štátmi EÚ a Európskeho hospodárskeho priestoru.
Saved in:
| Main Author: | |
|---|---|
| Format: | Book Chapter |
| Language: | Slovak |
| Subjects: | |
| Tags: |
No Tags, Be the first to tag this record!
|
MARC
| LEADER | 00000naa$a2200000$$$4500 | ||
|---|---|---|---|
| 001 | 0146513 | ||
| 005 | 20221103133838.4 | ||
| 041 | 0 | |a slo | |
| 044 | |a SK | ||
| 245 | 1 | 0 | |a Bezpečnosť kozmetických výrobkov |c Jarmila Hojerová |
| 520 | |a Požiadavky kladené na kozmetické výrobky a ich bezpečnosť. Kontrola dozoru a bezpečnosti KV na Slovensku. Systém RAPEX a zabezpečenie výmeny hlásení o výskyte nebezpečných KV medzi členskými štátmi EÚ a Európskeho hospodárskeho priestoru. | ||
| 610 | 2 | 0 | |a výrobky |
| 610 | 2 | 0 | |a kozmetika |
| 610 | 2 | 0 | |a potreby toaletné |
| 610 | 2 | 0 | |a bezpečnosť výrobkov |
| 610 | 2 | 0 | |a požiadavky na výrobky |
| 610 | 2 | 0 | |a kvalita výrobkov |
| 610 | 2 | 0 | |a kontrola kvality |
| 610 | 2 | 0 | |a Slovensko |
| 610 | 2 | 0 | |a Európska únia |
| 100 | 1 | |a Hojerová, Jarmila | |